|
|
|
|
| LEADER |
01149nam a22002537a 4500 |
| 001 |
AAL9612 |
| 003 |
BD-DhAAL |
| 005 |
20180716115114.0 |
| 008 |
180716s 2016B a|||| |||| 00| 0bB d |
| 999 |
|
|
|c 39792
|d 39792
|
| 020 |
|
|
|a 9789848991596
|
| 040 |
|
|
|a BD-DhAAL
|c BD-DhAAL
|
| 082 |
|
|
|a 954.02/5
|
| 100 |
|
|
|a করিম, রেজাউল
|9 27375
|
| 245 |
|
|
|a দ্যা হিস্ট্রি অব রয়্যাল লেডিস ইন মোঘল এমপায়ার /
|c রেজাউল করিম
|
| 246 |
|
|
|a The History of Royal Ladies in Mughal Empires /
|
| 260 |
|
|
|a ঢাকা :
|b অন্বেষা প্রকাশন,
|c ২০১৬
|
| 300 |
|
|
|a ৩৭৫ পৃ. ;
|c ২২ সে.মি.
|
| 504 |
|
|
|6 গ্রন্থপঞ্জি অন্তর্ভুক্ত
|
| 541 |
|
|
|e 9612
|
| 650 |
|
|
|a Mogul Empire
|x History
|9 27376
|
| 852 |
|
|
|a Savar Campus Library
|c General Shelf
|
| 942 |
|
|
|2 ddc
|c BK
|
| 952 |
|
|
|0 0
|1 0
|2 ddc
|4 0
|6 954_020000000000000_5_KAR
|7 0
|9 63823
|a SCL
|b SCL
|c GEN
|d 2018-07-16
|e Development Book Agency
|g 400.00
|l 2
|m 9
|o 954.025 KAR
|p 3020009612
|r 2022-10-10
|s 2022-09-27
|t 1
|w 2018-07-16
|y BK
|